Právny pluralizmus
Pokračovanie príspevku z predchádzajúceho čísla. Polycentrický právny systém.
Saved in:
| Main Author: | |
|---|---|
| Format: | Book Chapter |
| Language: | Slovak |
| Subjects: | |
| Tags: |
No Tags, Be the first to tag this record!
|
MARC
| LEADER | 00000naa a2200000 4500 | ||
|---|---|---|---|
| 001 | 0235780 | ||
| 005 | 20220719123727.4 | ||
| 041 | 0 | |a slo | |
| 044 | |a SK | ||
| 245 | 1 | 0 | |a Právny pluralizmus |c Eduard Bárány |
| 520 | |a Pokračovanie príspevku z predchádzajúceho čísla. Polycentrický právny systém. | ||
| 610 | 2 | 0 | |a pluralizmus |
| 610 | 2 | 0 | |a systémy právne |
| 610 | 2 | 0 | |a teórie právne |
| 610 | 2 | 0 | |a poriadok právny |
| 100 | 1 | |a Bárány, Eduard | |